Normal view
MARC view
Entry Personal Name
001 - CONTROL NUMBER
- control field: 8395
003 - CONTROL NUMBER IDENTIFIER
- control field: PK-LaUMT
005 - DATE AND TIME OF LATEST TRANSACTION
- control field: 20251212112750.0
008 - FIXED-LENGTH DATA ELEMENTS
- fixed length control field: 251212|| aca||aabn | a|a d
040 ## - CATALOGING SOURCE
- Original cataloging agency: PK-LaUMT
- Transcribing agency: PK-LaUMT
100 ## - HEADING--PERSONAL NAME
- Personal name: Daniel, Wayne W
670 ## - SOURCE DATA FOUND
- Source citation: Work cat.: (PK-LaUMT)139365: Daniel, Wayne W., Biostatistics :, 2019
